Son of the soil / (Record no. 233005)
[ view plain ]
| 000 -LEADER | |
|---|---|
| fixed length control field | 00828cam a22002777a 4500 |
| 001 - CONTROL NUMBER | |
| control field | 14129731 |
| 003 - CONTROL NUMBER IDENTIFIER | |
| control field | Nust |
| 005 - DATE AND TIME OF LATEST TRANSACTION | |
| control field | 20170227152721.0 |
| 008 - FIXED-LENGTH DATA ELEMENTS--GENERAL INFORMATION | |
| fixed length control field | 051003s2005 ii 000 1 eng |
| 010 ## - LIBRARY OF CONGRESS CONTROL NUMBER | |
| LC control number | 2005387685 |
| 020 ## - INTERNATIONAL STANDARD BOOK NUMBER | |
| Canceled/invalid ISBN | 9788130930978 |
| 025 ## - OVERSEAS ACQUISITION NUMBER | |
| Overseas acquisition number | I-E-2005-387685; 26 |
| 037 ## - SOURCE OF ACQUISITION | |
| Source of stock number/acquisition | Library of Congress -- New Delhi Overseas Office |
| Terms of availability | Rs395.00 |
| 040 ## - CATALOGING SOURCE | |
| Original cataloging agency | DLC |
| Transcribing agency | DLC |
| 041 1# - LANGUAGE CODE | |
| Language code of text/sound track or separate title | eng |
| Language code of original | ben |
| 042 ## - AUTHENTICATION CODE | |
| Authentication code | lcode |
| 050 00 - LIBRARY OF CONGRESS CALL NUMBER | |
| Classification number | MLCM 2005/00053 (P) |
| -- | PK1730.24.S333 |
| 082 ## - DEWEY DECIMAL CLASSIFICATION NUMBER | |
| Classification number | 891.443 |
| Author Mark | NAZ |
| 100 1# - MAIN ENTRY--PERSONAL NAME | |
| Personal name | Isalām, Nazrula, |
| Dates associated with a name | 1954- |
| 240 10 - UNIFORM TITLE | |
| Uniform title | Bhūmiputra. |
| Language of a work | English |
| 245 10 - TITLE STATEMENT | |
| Title | Son of the soil / |
| Statement of responsibility, etc. | Nazrul Islam. |
| 260 ## - PUBLICATION, DISTRIBUTION, ETC. | |
| Place of publication, distribution, etc. | New Delhi : |
| Name of publisher, distributor, etc. | Viva Books, |
| Date of publication, distribution, etc. | 2005. |
| 300 ## - PHYSICAL DESCRIPTION | |
| Extent | 769 p. ; |
| Dimensions | 23 cm. |
| 500 ## - GENERAL NOTE | |
| General note | Novel. |
| 906 ## - LOCAL DATA ELEMENT F, LDF (RLIN) | |
| a | 7 |
| b | ibc |
| c | origode |
| d | 4 |
| e | ncip |
| f | 20 |
| g | y-gencatlg |
| 942 ## - ADDED ENTRY ELEMENTS (KOHA) | |
| Source of classification or shelving scheme | |
| Koha item type | Book |
| Withdrawn status | Lost status | Source of classification or shelving scheme | Damaged status | Not for loan | Collection code | Permanent Location | Current Location | Shelving location | Date acquired | Total Checkouts | Full call number | Barcode | Date last seen | Date last checked out | Copy number | Price effective from | Koha item type |
|---|---|---|---|---|---|---|---|---|---|---|---|---|---|---|---|---|---|
| Central Library (CL) | Central Library (CL) | Fiction | 02/27/2017 | 4 | 891.443 NAZ | CL2241 | 09/21/2024 | 09/08/2024 | 1 | 02/27/2017 | Book |
